<?xml version="1.0" encoding="utf-8"?>
<?xml-stylesheet type='text/xsl' href='./oai2.xsl'?>
<OAI-PMH xmlns="http://www.openarchives.org/OAI/2.0/" xmlns:xsi="http://www.w3.org/2001/XMLSchema-instance" xsi:schemaLocation="http://www.openarchives.org/OAI/2.0/ http://www.openarchives.org/OAI/2.0/OAI-PMH.xsd">
  <responseDate>2026-05-15T18:14:44Z</responseDate>
  <request verb="GetRecord" metadataPrefix="marcxml" identifier="record_kuniweb_414184">https://kulturerbe.niedersachsen.de/oai</request>
  <GetRecord>
    <record>
      <header>
        <identifier>record_kuniweb_414184</identifier>
        <datestamp>2026-03-31T19:09:18Z</datestamp>
        <setSpec>slg0184</setSpec>
      </header>
      <metadata>
        <marc:record xmlns:marc="http://www.loc.gov/MARC21/slim" xsi:schemaLocation="http://www.loc.gov/MARC21/slim http://www.loc.gov/standards/marcxml/schema/MARC21slim.xsd">
          <marc:leader>12345nkm  22     uu 4500</marc:leader>
          <marc:controlfield tag="001">414184</marc:controlfield>
          <marc:controlfield tag="003">http://kuniweb.gbv.de</marc:controlfield>
          <marc:controlfield tag="005">2025-12-16T14:14:52</marc:controlfield>
          <marc:controlfield tag="008">|           ||||||||||||||||||||||</marc:controlfield>
          <marc:datafield tag="245" ind1="1" ind2="0">
            <marc:subfield code="a">Ansicht eines Wohn- und Geschäftshauses</marc:subfield>
          </marc:datafield>
          <marc:datafield tag="720" ind1=" " ind2=" ">
            <marc:subfield code="a">Peter Joseph Krahe</marc:subfield>
          </marc:datafield>
          <marc:datafield tag="655" ind1=" " ind2="7">
            <marc:subfield code="a">Grafik</marc:subfield>
          </marc:datafield>
          <marc:datafield tag="046" ind1=" " ind2=" ">
            <marc:subfield code="k">1787</marc:subfield>
            <marc:subfield code="k">1787-1789</marc:subfield>
            <marc:subfield code="l">1789</marc:subfield>
          </marc:datafield>
          <marc:datafield tag="260" ind1=" " ind2=" ">
            <marc:subfield code="g">1787</marc:subfield>
            <marc:subfield code="g">1789</marc:subfield>
            <marc:subfield code="g">1787-1789</marc:subfield>
          </marc:datafield>
          <marc:datafield tag="300" ind1=" " ind2=" ">
            <marc:subfield code="a">Breite: 370 mm
Höhe: 257 mm</marc:subfield>
          </marc:datafield>
          <marc:datafield tag="520" ind1=" " ind2=" ">
            <marc:subfield code="a">Dreigeschossiges Haus mit acht Fensterachsen und mittlerem Eingang, Grundstücksbreite 55 Fuß. Wohl für die Neustadt in Koblenz. In das rustizierte Erdgeschoss sind 2 x 3 Fenster und ein mittleres Portal in der Form des sogenannten Palladio-Motivs mit eingestellten glatten Pfeilern eingelassen, die schmalen Seitenfelder und der halbrunde Sturz jedoch geschlossen, die etwas vortretenden Bogenschlusssteine des Portals aus dem durchlaufenden Sohlbankprofil der Hauptgeschoßfenster herabgezogen. Darüber folgen glatte Wandflächen der Obergeschosse mit eingeschnittenen Fenstern und einer Schrifttafel in der Mitte "VOLLISCHE SPECEREY HANDLUNG". Hohes Walmdach mit drei ovalen Gaupen. Eine gestrichelte Linie neben der äußeren Fensterachse links deutet auf eine schräge Begrenzung des Grundstücks hin.  (Städtisches Museum Braunschweig)

Stempel:
oben rechts, Krahe-Nachlass-Stempel in Rot

Wasserzeichen:
nicht identifiziert.

Aufschrift:
Bezeichnet, mit Feder in Braun, oben rechts: "34"

Veröffentlicht in:
R. Dorn und P. J. Krahe, „Bauten und Projekte Peter Joseph Krahes in Düsseldorf, Koblenz, Hannover und Braunschweig 1787 - 1806 Untersuchungen des zeichnerischen Nachlasses und beschreibender Katalog“, Peter Joseph Krahe, Bd. Bd. 2. Klinkhardt &amp;amp; Biermann, Braunschweig, 1971. (S. 165, Kat. Nr. 354.)</marc:subfield>
          </marc:datafield>
          <marc:datafield tag="650" ind1="1" ind2=" ">
            <marc:subfield code="a">Aufriss</marc:subfield>
          </marc:datafield>
          <marc:datafield tag="650" ind1="1" ind2=" ">
            <marc:subfield code="a">Palast</marc:subfield>
          </marc:datafield>
          <marc:datafield tag="650" ind1="1" ind2=" ">
            <marc:subfield code="a">Grafik, Fotografie &gt; Zeichnung &gt; Pinselzeichnung</marc:subfield>
          </marc:datafield>
          <marc:datafield tag="650" ind1="1" ind2=" ">
            <marc:subfield code="a">Grafik, Fotografie &gt; Zeichnung &gt; Federzeichnung</marc:subfield>
          </marc:datafield>
          <marc:datafield tag="650" ind1="1" ind2=" ">
            <marc:subfield code="a">Zeichnung/Grafik</marc:subfield>
          </marc:datafield>
          <marc:datafield tag="773" ind1="0" ind2=" ">
            <marc:subfield code="t">Sammlung Grafik</marc:subfield>
          </marc:datafield>
          <marc:datafield tag="852" ind1=" " ind2=" ">
            <marc:subfield code="a">Städtisches Museum Braunschweig</marc:subfield>
          </marc:datafield>
          <marc:datafield tag="852" ind1=" " ind2=" ">
            <marc:subfield code="a">Deutschland</marc:subfield>
          </marc:datafield>
          <marc:datafield tag="" ind1=" " ind2=" ">
            <marc:subfield code="a">kein Copyright / Public domain (CC0 1.0)</marc:subfield>
          </marc:datafield>
        </marc:record>
      </metadata>
    </record>
  </GetRecord>
</OAI-PMH>
